00616nam a22001575i 4500001000700000003000900007005001700016008004100033040003000074100003700104245008500141260006900226300002100295650004600316852009600362165884ES-MaACL20230906213225.0021218s1878 sp |||| | spa d aCCPB | B bspa cCCPB | B1 aSuénder, Enrique (d1829-1897)10aDel jaborandi y de su uso en la intoxicacion urinaria / cpor el Dr. E. Suender. aMadrid : b[s.n.], c1878 (fImp de Alejandro Gomez Fuentenebro) a14 p. ; c23 cm. 4aAparato génito urinario-xEnfermedades. aES-MaACLjT-243-F-6 z-- Enc. hol., falto de la enc. original z-- Enc. en un vol. facticio